FILM STUDIES AN INTRODUCTION (Record no. 32131)
[ view plain ]
| 000 -LEADER | |
|---|---|
| fixed length control field | 00311nam a22001457a 4500 |
| 003 - CONTROL NUMBER IDENTIFIER | |
| control field | SGT |
| 020 ## - INTERNATIONAL STANDARD BOOK NUMBER | |
| International Standard Book Number | 9781473608795 |
| 082 ## - DEWEY DECIMAL CLASSIFICATION NUMBER | |
| Classification number | 791.43 |
| Item number | BUC |
| 100 ## - MAIN ENTRY--PERSONAL NAME | |
| Personal name | BUCKLAND WARREN |
| 245 ## - TITLE STATEMENT | |
| Title | FILM STUDIES AN INTRODUCTION |
| 260 ## - PUBLICATION, DISTRIBUTION, ETC. (IMPRINT) | |
| Place of publication, distribution, etc | U K |
| Year of Publication | 2015 |
| Name of publisher, distributor, etc | OXFORD PUB |
| 300 ## - PAGE DESCRIPTION | |
| No. of Pages | 220 |
| 650 ## - SUBJECT ADDED ENTRY--TOPICAL TERM | |
| Topical term or geographic name as entry element | BJMC |
| 942 ## - ADDED ENTRY ELEMENTS (KOHA) | |
| Source of classification or shelving scheme | Dewey Decimal Classification |
| Koha item type | Books |
| Withdrawn status | Lost status | Source of classification or shelving scheme | Damaged status | Not for loan | Home library | Current library | Shelving location | Date acquired | Vendor Name | Cost, normal purchase price | SGTU | Bill Number | Full call number | Accession No. (Barcode) | Date last seen | Bill Date | Koha item type | Total Checkouts | Date last borrowed |
|---|---|---|---|---|---|---|---|---|---|---|---|---|---|---|---|---|---|---|---|
| Dewey Decimal Classification | Not For Loan | SGT Science & Social Sciences Library | SGT Science & Social Sciences Library | Reference Book | 21/07/2025 | BRIJWASHI DELHI | 1050.00 | SGTU | BW/000214 | 791.43 BUC | MC1246 | 21/07/2025 | Books | ||||||
| Dewey Decimal Classification | SGT Science & Social Sciences Library | SGT Science & Social Sciences Library | 21/07/2025 | BRIJWASHI DELHI | 1050.00 | SGTU | BW/000214 | 791.43 BUC | MC1247 | 21/07/2025 | Books | ||||||||
| Dewey Decimal Classification | SGT Science & Social Sciences Library | SGT Science & Social Sciences Library | 21/07/2025 | BRIJWASHI DELHI | 1050.00 | SGTU | BW/000214 | 791.43 BUC | MC1248 | 25/03/2026 | Books | 1 | 16/03/2026 | ||||||
| Dewey Decimal Classification | SGT Science & Social Sciences Library | SGT Science & Social Sciences Library | 21/07/2025 | BRIJWASHI DELHI | 1050.00 | SGTU | BW/000214 | 791.43 BUC | MC1249 | 23/02/2026 | Books | 1 | 04/02/2026 | ||||||
| Dewey Decimal Classification | SGT Science & Social Sciences Library | SGT Science & Social Sciences Library | 21/07/2025 | BRIJWASHI DELHI | 1050.00 | SGTU | BW/000214 | 791.43 BUC | MC1250 | 27/10/2025 | Books | 1 | 13/10/2025 |